Statistics for FIFA 10 Soundtrack

Click here to take the quiz!

General Stats

  • This quiz has been taken 5 times
  • The average score is 11 of 39

Answer Stats

ArtistSong% Correct
Tommy SparksS{he's} {Got} {Me} {Dancing}
100%
Fidel NadalI{nternational} {Love}
75%
Passion PitM{oth's} {Wings}
75%
The Enemy UKB{e} {Somebody}
50%
Matt and Kim feat. De La Soul (Troublemaker Remix)D{aylight}
50%
SoshyD{orothy}
50%
CasioKidsF{ot} {I} {Hose}
50%
MetricG{old} {Guns} {Girls}
50%
Alex MetricH{ead} {Straight}
50%
Major LazerH{old} {The} {Line}
50%
The Answering MachineI{t's} {Over}! {It's} {Over}! {It's} {Over}!
50%
AulettaM{eine} {Stadt}
50%
Peter Bjorn And JohnN{othing} {To} {Worry} {About}
50%
Balkan Beat Box feat. Tomer Yosef and SazR{amallah}-{Tel} {Aviv}
50%
Crookers feat. The Very Best, Two Fingers & Marina GasolinaB{irthday} {Bash}
25%
DananananaykroydB{lack} {Wax}
25%
Fabri FibraD{onna} {Famosa}
25%
AfrobotsF{avela} {Rock}
25%
Bomba EstéreoF{uego}
25%
Cut Off Your HandsH{appy} {As} {Can} {Be}
25%
Buraka Som Sistema feat. PongoloveK{alemba} ({Wegue} - {Wegue})
25%
NnekaK{angpe}
25%
Adiam DymottM{iss} {You}
25%
Zap MamaV{ibrations}
25%
The Whitest Boy Alive1{517}
0%
Mexican Institute Of SoundA{locatel}
0%
Rocky DawuniD{ownload} {The} {Revolution}
0%
DatarockG{ive} {It} {Up}
0%
MacacoH{acen} {Falta} {Dos}
0%
RöyksoppI{t's} {What} {I} {Want}
0%
BLK JKSL{akeside}
0%
Los Fabulosos CadillacsL{a} {Luz} {Del} {Ritmo}
0%
Wyclef JeanM{VP} {Kompa}
0%
Pint Shot RiotN{ot} {Thinking} {Straight}
0%
The Temper TrapS{cience} {Of} {Fear}
0%
The BPA feat. Ashley BeedleS{hould} {I} {Stay} {Or} {Should} {I} {Blow}
0%
Children CollideS{keleton} {Dance}
0%
Marcio LocalS{oul} {Do} {Samba}
0%
Playing For ChangeW{ar} / {No} {More} {Trouble}
0%

Score Distribution

Percentile by Number Answered

Percent of People with Each Score

Your Score History

You have not taken this quiz